000 00381nam a2200145Ia 4500
008 090124s9999 xx 000 0 und d
082 _b302512
245 _a पँथर
250 _a1
260 _bबांदोडकर व.पु./बांदोडकर गो.पु.
_c1991
300 _a252
630 _a पँथर
730 _a पँथर
942 _cBOOK
999 _c192149
_d192149